[Event "Mumbai Wealth op U13"]
[Site "Mumbai"]
[Date "2016.02.02"]
[Round "6"]
[White "Vedant, Nitin Vekhande"]
[Black "Raninga, Suryaansh"]
[Result "1-0"]
[WhiteElo "1110"]
[BlackElo "1003"]
[PlyCount "115"]
[EventDate "2016.01.28"]
[EventType "swiss"]
[EventRounds "9"]
[EventCountry "IND"]
[SourceTitle "CBM 170 Extra"]
[Source "ChessBase"]
[SourceDate "2016.02.25"]
[SourceVersion "1"]
[SourceVersionDate "2016.02.25"]
[SourceQuality "1"]

1. e4 e6 2. d4 d5 3. exd5 exd5 4. Bd3 Nf6 5. Bf4 Nc6 6. c3 Bd6 7. Bxd6 Qxd6 8. Nf3 Qe7+ 9. Be2 0-0 10. 0-0 Re8 11. Re1 Qd6 12. Bd3 Bg4 13. Nbd2 Bxf3 14. Nxf3 Rxe1+ 15. Qxe1 Re8 16. Qd2 Ne4 17. Qc2 g6 18. Re1 Nf6 19. Rxe8+ Nxe8 20. Qe2 Nf6 21. Ne5 Qe6 22. Nxc6 Qxc6 23. Kf1 Qe8 24. Qxe8+ Nxe8 25. Ke2 Nd6 26. Ke3 Kg7 27. b3 Kf6 28. h4 Nf5+ 29. Bxf5 Kxf5 30. Kf3 b5 31. g4+ Kf6 32. Kf4 h6 33. Kg3 g5 34. f4 gxh4+ 35. Kxh4 Kg6 36. f5+ Kg7 37. Kh5 f6 38. Kh4 c6 39. Kg3 Kf7 40. Kf4 Ke7 41. Ke3 Kd6 42. Kd3 c5 43. dxc5+ Kxc5 44. b4+ Kd6 45. Kd4 a6 46. Kd3 Ke5 47. Ke3 h5 48. Kf3 hxg4+ 49. Kxg4 d4 50. cxd4+ Kxd4 51. Kh5 Ke5 52. Kg6 Kd4 53. Kxf6 Kc4 54. a3 Kb3 55. Ke6 Kxa3 56. f6 Kxb4 57. f7 Ka4 58. f8Q 1-0